Provincias del Pais Vasco - Estadísticas

Estadísticas generales
  • Esta prueba ha sido intentada 300 veces
  • La puntuación promedio es 5 de 7
Estadísticas de respuestas
Country Respuesta % Correcto
España Araba
94%
España Bizkaia
94%
España Gipuzkoa
92%
España Nafarroa
90%
Francia Lapurdi
70%
Francia Zuberoa
58%
Francia Nafarroa Beherea
29%
No se encontraron pruebas coincidentes
Distribución de puntuación
Porcentaje de gente con cada puntuación
Porcentaje por número respondido
Historial de tus puntuaciones
No has intentado esta prueba.